01438nam a2200301 a 4500001001000000005001700010008004100027041000800068044000800076084002000084100004500104245012300149260005800272300004800330440004200378500008700420500006400507500020800571500001000779546002400789650005200813650005600865650003400921650004500955700003901000700004701039740005001086BRCA_333520190320204229.0250309s1885----enka---###---#000-0#eng-# aeng aenk a629b.R68c18851 aCervantes Saavedra, Miguel ded1547-161610aAdventures of Don Quixote de la ManchacTranslated from the Spanish of Miguel de Cervantes Saavedra by Charles Jarvis. aLondres : Nueva YorkbGeorge Routledge and Sonsc1885 a1 v. en 2 partes (xii, 351 p.)bil.c25 cm. 0aRoutledge´s Hand-Made Paper Editions aContenido : Primera parte. Prólogo del autor. Segunda parte. Prólogo del autor aEdición : With 15 Etchings on Stell by George Cruickshank aBella edición de la traducción de Jarvis, impresa con finos tipos sobre rico papel de hilo. Va adornada con 15 aguafuertes y está numerada. Este ejemplar lleva el número 15. Tela Lúdovik Osterc aQM484 aTexto en : inglés14aNovela españolayÉpoca clásica, 1500-170014aLiteratura españolayÉpoca clásica, 1500-170014aNovela españolaySiglo XVII14aDon Quijote (Personaje ficticio)eNovela1 aJarvis, Charlesd?-1739eTraductor1 aCruickshank, Georged1853-1904eIlustrador0 aEl Ingenioso Hidalgo Don Quijote de la Mancha